Statistics for Persona Velvet Room Attendees Quiz

Click here to take the quiz!

General Stats

  • This quiz has been taken 50 times
    (23 since last reset)
  • The average score is 7 of 8

Answer Stats

Attendee% Correct
Caroline
100%
Justine
100%
Elizabeth
94%
Lavenza
94%
Margaret
94%
Theodore
94%
Marie
88%
Merope
24%

Score Distribution

Percentile by Number Answered

Percent of People with Each Score

Your Score History

You have not taken this quiz since the last reset